APUSH Period 6: Chapter 19 - Statistics

General Stats
  • This quiz has been taken 7 times
  • The average score is 5 of 20
Answer Stats
Hint Answer % Correct
Writers who focused on the negative side of American life Muckrakers
83%
Founded the Hull House Jane Addams
67%
Buildings that housed 20+ families in cramped living conditions Tenement
67%
Journalist who exposed horrific meat-packing conditions Upton Sinclair
67%
Journalist who documented tenement conditions Jacob Riis
33%
Local party bureaucracies that kept an unshakable grip on public offices Political Machine
33%
Theater, continuous sequence of musical Acts, skits, magic, has huge appeal to middle-class Vaudeville
33%
A derogatory term for mass-market newspapers Yellow Journalism
33%
"Hardwork and heartbreak", spoke to lives of young urbanites Blues
17%
Most famous of the above, 1889, West Chicago Hull House
17%
Nurse who moved to NYC in 1911, crusaded for birth control Margaret Sanger
17%
Introduced FDA + regulations for the sale of food Pure Food and Drug Act
17%
Cleveland Major, advocated for public utilities, very famous + innovative reformer Tom Johnson
17%
Fire that trapped many immigrant women and prompted better working conditions Triangle Shirtwaist Fire
17%
School dedicated to design of buildings whose form expressed their structure and function Chicago School
0%
National Consumer League leader, Hull House worker, believed that only the federal government could help workers Florence Kelley
0%
An overlapping set of movements to combat the wrongs of industrialization Progressivism
0%
Music with ragged rhythm, combined with a steady beat, wildly popular among social classes Ragtime
0%
Community welfare centers to investigate poor plight, raised funds to address urgent needs Social Settlement
0%
New York, 1903, organized union among garment workers, joined together for betterment of women Women's Trade Union League
0%
No matching quizzes found
Score Distribution
Percent of People with Each Score
Percentile by Number Answered
Your Score History
You have not taken this quiz